Miasta województwa Lubelskiego według opisu - Statystyki

Ogólne statystyki
  • Ten quiz został rozwiązany 42 razy
  • Średni wynik to 6 z 9
Statystyki odpowiedzi
Opis Miasto % Poprawnych
Miasto znane z sera Ryki
84%
Miasto znane z wytwórni śmigłowców Świdnik
74%
Istnieje tam klub sportowy Janowianka Janów Lubelski
71%
Znajdują się tam przejścia graniczne z Białorusią Terespol
68%
Na uroczystość otwarcia hali MOSiR w tym mieście w 2002r. przyjechał sam Aleksander Kwaśniewski, miasto na prawach powiatu Chełm
58%
Miasto jak stolica jednego z województw Opole Lubelskie
58%
Miasto na literę "I" uzyskało prawa miejskie w 2022r., leży w powiecie Krasnostawskim Izbica
55%
Największe miasto w województwie niebędące na prawach powiatu Puławy
55%
Miasto, dawniej szlacheckie założone przez Gorayskich herbu Korczak Biłgoraj
47%
Nie znaleziono quizów pasujących do podanych kryteriów
Rozkład punktacji
Procent ludzi z każdym wynikiem
Percentyl według liczby udzielonych odpowiedzi
Twoja historia wyników
Nie rozwiązałeś tego quizu